| 000 | 00420nam a22001697a 4500 | ||
|---|---|---|---|
| 003 | SGT | ||
| 020 | _a9780198855576 | ||
| 082 |
_a610.73 _bM24D |
||
| 100 | _aDAMINI, NIZAM | ||
| 245 | _aMANUAL OF INFECTION PREVENTION AND CONTROL | ||
| 250 | _a4TH | ||
| 260 |
_aINDIA _bOXFORD UNIVERSITY PRESS PUB _c2024 |
||
| 300 | _a496 | ||
| 650 | _aNURSING CARE | ||
| 653 | _a INFECTION PREVENTION AND CONTROL | ||
| 942 |
_2ddc _cBK |
||
| 999 |
_c27667 _d27667 |
||